Instauratio Magna

محفوظ في:
التفاصيل البيبلوغرافية
المؤلف الرئيسي: Bacon, Francis (مؤلف)
التنسيق: كتاب
اللغة:الإسبانية
منشور في: Ciudad de México Porrúa 1980
الطبعة:2a. ed
سلاسل:Sepan cuantos, 293
الموضوعات:
الوسوم: إضافة وسم
لا توجد وسوم, كن أول من يضع وسما على هذه التسجيلة!

MARC

LEADER 00000nam a2200000 a 4500
001 UCY5598
003 CL-VaPUC
008 950512e19800000MX |||||||||||||||||spa|d
082 0 4 |a 146.44  |b BAC  |2 21 
100 0 |a Bacon, Francis  |e author  |9 334502 
245 1 0 |a Instauratio Magna 
246 1 0 |a Novum Organum 
246 1 0 |a Nueva Atlántida 
250 |a 2a. ed 
300 |a 214 p 
942 |c BK 
945 |d 19950512 00:00:00  |a mfernand 
260 |a Ciudad de México  |b Porrúa  |c 1980 
650 0 |a Ciencia  |9 255691 
650 0 |a Tecnología  |9 256742 
650 0 |a Sociedad  |9 307903 
650 0 |a Cambio social   |9 256857 
650 0 |a Empirismo  |9 255037 
650 0 |a Escuelas filosóficas   |9 266232 
583 |a last modification  |c 19950512 00:00:00  |k Rodrigo Vera 
490 0 |a Sepan cuantos, 293 
999 |c 233231  |d 233229 
952 |0 0  |1 0  |4 0  |6 146_440000000000000_BAC_1980  |7 0  |8 P  |9 238574  |a BIBEDU  |b BIBEDU  |c BIBEDU_PB  |d 2019-11-18  |i 1500716  |o 146.44 BAC 1980  |p 1500716  |r 2024-01-25  |w 2019-11-18  |y BK  |k EDU